000 00635nam a2200205 a 4500
005 20221027063409.0
008 030305s2001 mx r 000 0 spa d
020 _a8477388857
035 _aUPN01000122527
049 _aCG
050 4 _aRC565
_bE3.2
100 1 _aEcheburúa, Enrique
245 1 0 _aAbuso de alcohol :
_bguía práctica para el tratamiento /
_cEnrique Echeburúa.
260 _aMadrid :
_bSíntesis,
_c2001.
300 _a186 p.
440 0 _aPsicología clínica ;
_pGuías de intervención ;
_v7
650 7 _aAlcoholismo
_xTratamiento
_2
_92126
650 4 _aALCOHOL -
_xEFECTOS FISIOLOGICOS
_92109
905 _aLibro
999 _c94714
_d94714